Roshchino International Airport Destinations (Tyumen, Russia) - Statistics

General Stats
  • This quiz has been taken 11 times
    5 since last reset
  • The average score is 13 of 52
Answer Stats
Airline Destination % Correct
Utair Baku
100%
Utair/Yamal Airlines Beloyarsk
50%
Yamal Airlines Chelyabinsk
50%
Utair Dubai (Al Maktoum)
50%
Yamal Airlines Irkutsk
50%
Red Wings Airlines Istanbul
50%
Utair Kazan
50%
Aeroflot/Rossiya/Yamal Airlines Krasnoyarsk (International)
50%
Azimuth/Utair Mineralnye Vody
50%
Aeroflot/Nordwind Airlines/Pobeda/Rossiya Moscow (Sheremetyevo)
50%
Gazpromavia/Pobeda/Utair/Yamal Airlines Moscow (Vnukovo)
50%
S7 Airlines/Yamal Airlines Novosibirsk
50%
Utair Nyagan
50%
Utair Omsk
50%
Red Wings Airlines Phuket
50%
Aeroflot/Nordwind Airlines/Pobeda/ Rossiya/Smartavia/Yamal Airlines Saint Petersburg
50%
Red Wings Airlines/Yamal Airlines Salekhard
50%
NordStar Airlines/Red Wings Airlines/Utair/Yamal Airlines Samara
50%
AlMasria Universal Airlines/Azur Air Sharm El Sheikh
50%
Aeroflot/Ikar/Nordwind Airlines/Pobeda/ Smartavia/Utair/Yamal Airlines Sochi
50%
Gazpromavia/Utair Ufa
50%
Utair Uray
50%
Red Wings Airlines/Yamal Airlines Volgograd
50%
Utair Yekaterinburg
50%
Utair Yerevan
50%
Utair Barnaul
0%
Gazpromavia Bovanenkovo
0%
Red Wings Airlines Hambantota (Mattala)
0%
Utair Igrim
0%
Utair Khanty-Mansiysk
0%
Utair/Yamal Airlines Khujand
0%
Utair Krasnoselkup
0%
Nordwind Airlines/Red Wings Airlines Makhachkala
0%
Gazpromavia/Yamal Airlines Nadym
0%
Red Wings Airlines Nazran
0%
Azimuth Nizhnekamsk
0%
Utair/Yamal Airlines Nizhnevartovsk
0%
NordStar Airlines Norilsk
0%
Gazpromavia/Utair/Yamal Airlines Novy Urengoy
0%
Yamal Airlines Noyabrsk
0%
Nordwind Airlines Osh
0%
Utair Perm
0%
Yamal Airlines Sabetta
0%
Utair Sovetsky
0%
Gazpromavia Stavropol
0%
Utair/Yamal Airlines Surgut
0%
Gazpromavia/Utair/Yamal Airlines Talakan
0%
Utair Tarko-Sale
0%
Utair Tashkent
0%
Utair Tolka
0%
Yamal Airlines Tomsk
0%
Gazpromavia Yamburg
0%
No matching quizzes found
Score Distribution
Percent of People with Each Score
Percentile by Number Answered
Your Score History
You have not taken this quiz since the last reset